Normal view MARC view

Entry Nombre personal

Number of records used in: 1

001 - NÚMERO DE CONTROL

  • campo de control: 997

003 - IDENTIFICADOR DE NÚMERO DE CONTROL

  • campo de control: DLC

005 - FECHA Y HORA DE LA ÚLTIMA TRANSACCIÓN

  • campo de control: 20260330121141.0

008 - ELEMENTOS DE DATO DE LONGITUD-FIJA

  • campo de control de longitud fija: 010601n| acannaabn |a aaa c

010 ## - NÚMERO DE CONTROL DE LA BIBLIOTECA DEL CONGRESO

  • Número de control de LC: no2001044104

035 ## - NÚMERO DE CONTROL DEL SISTEMA

  • Número de control de sistema: (OCoLC)oca05501496

040 ## - FUENTE DE CATALOGACIÓN

  • Centro catalogador/agencia de origen: IC
  • Lengua de catalogación: eng
  • Centro/agencia transcriptor: IC

100 1# - ENCABEZAMIENTO-NOMBRE DE PERSONA

  • Nombre de persona: Ramini, Natale

400 1# - TRAZADO DE VÉASE--NOMBRE DE PERSONA

  • Nombre de persona: Ramini, Natividad

670 ## - FUENTE DE DATOS ENCONTRADOS

  • Cita de la fuente: El gran libro del ajedrez, c1997:
  • Información encontrada: t.p. (Natale Ramini)

670 ## - FUENTE DE DATOS ENCONTRADOS

  • Cita de la fuente: OCLC, June 1, 2001
  • Información encontrada: (hdg: Ramini, Natividad; usage: Natividad Ramini)